Petrology : (Record no. 8934)

MARC details
000 -LEADER
fixed length control field 01101pam a2200325 a 4500
001 - CONTROL NUMBER
control field 2787954
003 - CONTROL NUMBER IDENTIFIER
control field OSt
005 - DATE AND TIME OF LATEST TRANSACTION
control field 20260601121407.0
008 - FIXED-LENGTH DATA ELEMENTS--GENERAL INFORMATION
fixed length control field 810817s1982 caua b 001 0 eng
010 ## - LIBRARY OF CONGRESS CONTROL NUMBER
LC control number 81012517
020 ## - INTERNATIONAL STANDARD BOOK NUMBER
International Standard Book Number 0716712792
020 ## - INTERNATIONAL STANDARD BOOK NUMBER
International Standard Book Number 9780716712794
035 ## - SYSTEM CONTROL NUMBER
System control number 2787954
040 ## - CATALOGING SOURCE
Original cataloging agency DLC
Transcribing agency DLC
Modifying agency DLC
050 00 - LIBRARY OF CONGRESS CALL NUMBER
Classification number QE431.2
Item number .E38
082 00 - DEWEY DECIMAL CLASSIFICATION NUMBER
Classification number 552 E38 1982
Edition number 19
100 1# - MAIN ENTRY--PERSONAL NAME
Personal name Ehlers, Ernest G.
245 10 - TITLE STATEMENT
Title Petrology :
Remainder of title igneous, sedimentary, and metamorphic /
Statement of responsibility, etc. Ernest G. Ehlers, Harvey Blatt.
260 ## - PUBLICATION, DISTRIBUTION, ETC.
Place of publication, distribution, etc. San Francisco :
Name of publisher, distributor, etc. Freeman,
Date of publication, distribution, etc. c1982.
300 ## - PHYSICAL DESCRIPTION
Extent xvi, 732 p. :
Other physical details ill. ;
Dimensions 24 cm.
336 ## - CONTENT TYPE
Content type term text
Content type code txt
Source rdacontent
337 ## - MEDIA TYPE
Media type term unmediated
Media type code n
Source rdamedia
338 ## - CARRIER TYPE
Carrier type term volume
Carrier type code nc
Source rdacarrier
504 ## - BIBLIOGRAPHY, ETC. NOTE
Bibliography, etc. note Includes bibliographies and indexes.
650 #0 - SUBJECT ADDED ENTRY--TOPICAL TERM
Topical term or geographic name entry element Petrology - Igneous Rocks - Sedimentary Rocks - Metamorphic Rocks - Mineralogy - Geology - Earth Sciences
Form subdivision Textbooks.
700 1# - ADDED ENTRY--PERSONAL NAME
Personal name Blatt, Harvey.
906 ## - LOCAL DATA ELEMENT F, LDF (RLIN)
a 7
b cbc
c orignew
d 1
e ocip
f 19
g y-gencatlg
942 ## - ADDED ENTRY ELEMENTS (KOHA)
Source of classification or shelving scheme Dewey Decimal Classification
Koha item type English Book
Suppress in OPAC No

No items available.